[Event "Denver op"]
[Site "Denver"]
[Date "2019.04.27"]
[Round "3"]
[White "Herman, Sara"]
[Black "Weeramantry, Sunil"]
[Result "0-1"]
[WhiteElo "1854"]
[BlackElo "2047"]
[PlyCount "34"]
[EventDate "2019.04.26"]
[EventType "swiss"]
[EventRounds "5"]
[EventCountry "USA"]
[SourceTitle "CBM 190 Extra"]
[Source "ChessBase"]
[SourceDate "2019.07.15"]
[SourceVersion "1"]
[SourceVersionDate "2019.07.15"]
[SourceQuality "1"]

1. e4 d6 2. d4 g6 3. Nc3 Bg7 4. Be3 c6 5. f4 Nf6 6. h3 Qb6 7. a3 Nh5 8. Nge2 e5 9. g4 Nxf4 10. Qd2 Nxe2 11. Nxe2 Qxb2 12. Rd1 0-0 13. Bg2 exd4 14. Nxd4 c5 15. Ne2 Qxa3 16. 0-0 Nc6 17. Rf3 Ne5 0-1

[Event "Denver op"]
[Site "Denver"]
[Date "2019.04.26"]
[Round "1"]
[White "Montgomery, Eamon"]
[Black "Weeramantry, Sunil"]
[Result "1-0"]
[WhiteElo "1709"]
[BlackElo "2047"]
[PlyCount "75"]
[EventDate "2019.04.26"]
[EventType "swiss"]
[EventRounds "5"]
[EventCountry "USA"]
[SourceTitle "CBM 190 Extra"]
[Source "ChessBase"]
[SourceDate "2019.07.15"]
[SourceVersion "1"]
[SourceVersionDate "2019.07.15"]
[SourceQuality "1"]

1. d4 g6 2. c4 Bg7 3. Nf3 d6 4. Nc3 Nf6 5. e4 0-0 6. Be2 e5 7. 0-0 Nc6 8. d5 Ne7 9. b4 Nh5 10. Re1 f5 11. Ng5 Nf6 12. c5 Nxe4 13. Ncxe4 fxe4 14. cxd6 cxd6 15. Nxe4 h6 16. b5 Bf5 17. Bf3 Bxe4 18. Bxe4 Nf5 19. Be3 Qh4 20. Qd3 Nxe3 21. Qxe3 Rf6 22. Rac1 Raf8 23. Rc2 b6 24. Rf1 R8f7 25. Rc4 Qg4 26. f3 Qd7 27. a4 Kh7 28. Rfc1 h5 29. Qc3 Bh6 30. Rc7 Qd8 31. Rc8 Qe7 32. Rc2 Rf4 33. Qd3 Qg5 34. Bxg6+ Kg7 35. Bxf7 Rd4 36. Rg8+ Kxf7 37. Qh7+ Bg7 38. Rc7+ 1-0

[Event "Foxwoods op 13th"]
[Site "Ledyard"]
[Date "2019.04.20"]
[Round "6"]
[White "Ngo, Bach"]
[Black "Weeramantry, Sunil"]
[Result "1/2-1/2"]
[WhiteElo "1880"]
[BlackElo "2047"]
[PlyCount "126"]
[EventDate "2019.04.17"]
[EventType "swiss"]
[EventRounds "9"]
[EventCountry "USA"]
[SourceTitle "CBM 189 Extra"]
[Source "ChessBase"]
[SourceDate "2019.06.03"]
[SourceVersion "1"]
[SourceVersionDate "2019.06.03"]
[SourceQuality "1"]

1. d4 Nf6 2. Nf3 g6 3. Nc3 Bg7 4. e4 d6 5. Be2 0-0 6. 0-0 Bg4 7. Be3 Nc6 8. h3 Bxf3 9. Bxf3 e5 10. dxe5 dxe5 11. Bc5 Re8 12. Nb5 Qc8 13. c3 b6 14. Be3 a6 15. Na3 Qb7 16. Qe2 b5 17. Nb1 Na5 18. Nd2 Qc6 19. Rfd1 Nb7 20. Qd3 Red8 21. Qc2 Rd7 22. Nb3 Rxd1+ 23. Rxd1 a5 24. Be2 a4 25. Nd2 Nd6 26. f3 Nh5 27. Kh2 f5 28. exf5 Nxf5 29. Bf2 Nd4 30. Bxd4 exd4 31. Qe4 Qd6+ 32. Kg1 Rf8 33. Nf1 c6 34. cxd4 Nf4 35. Kh1 Qf6 36. Rd2 Kf7 37. Qe5 Re8 38. Qxf6+ Bxf6 39. Ng3 Rd8 40. Bd1 Rxd4 41. Rxd4 Bxd4 42. b3 a3 43. Ne2 Nxe2 44. Bxe2 Ke6 45. g4 Kd5 46. Kg2 Kc5 47. Kf1 Kb4 48. Ke1 Kc3 49. Kd1 Be3 50. h4 h6 51. h5 gxh5 52. gxh5 Bf4 53. Bf1 Bg5 54. Be2 Kd4 55. Kc2 Ke3 56. Bd3 Kxf3 57. Bg6 c5 58. Be8 Kg4 59. Bf7 Bf6 60. Be8 Be5 61. Bf7 Bd4 62. Be8 Kg5 63. Bf7 Bb2 1/2-1/2

[Event "Douglas IoM op-B"]
[Site "Douglas"]
[Date "2018.10.25"]
[Round "4"]
[White "Gostelow, David W"]
[Black "Weeramantry, Sunil"]
[Result "0-1"]
[WhiteElo "1892"]
[BlackElo "1976"]
[PlyCount "92"]
[EventDate "2018.10.22"]
[EventType "swiss"]
[EventRounds "7"]
[EventCountry "IOM"]
[SourceTitle "CBM 187 Extra"]
[Source "ChessBase"]
[SourceDate "2018.11.04"]
[SourceVersion "1"]
[SourceVersionDate "2018.11.04"]
[SourceQuality "1"]

1. d4 Nf6 2. Bf4 d5 3. e3 e6 4. Nf3 c5 5. c3 Nc6 6. Bd3 Bd6 7. Bg3 0-0 8. Nbd2 b6 9. e4 dxe4 10. Nxe4 Be7 11. dxc5 bxc5 12. Nxf6+ Bxf6 13. Qc2 h6 14. 0-0 Bb7 15. Be4 Qb6 16. Rfd1 Rfd8 17. h3 Ne7 18. Nd2 Bd5 19. b3 Rac8 20. Rac1 c4 21. b4 Bg5 22. Bxd5 Nxd5 23. Rb1 Bf4 24. Ne4 f5 25. Bxf4 Nxf4 26. Nc5 Qc6 27. f3 Nxh3+ 28. Kh2 Nf4 29. Rxd8+ Rxd8 30. Rd1 Nd3 31. Nxd3 Qd6+ 32. Kg1 cxd3 33. Qf2 a6 34. Qc5 Qf4 35. Kf2 Qh4+ 36. Kg1 Kh7 37. a4 Rd5 38. Qe3 Qg3 39. Qf2 Qc7 40. Qd2 Qc4 41. f4 a5 42. Rb1 e5 43. fxe5 Rxe5 44. Re1 Rxe1+ 45. Qxe1 axb4 46. cxb4 Qc2 0-1

[Event "American op 53rd"]
[Site "Costa Mesa"]
[Date "2017.11.24"]
[Round "4"]
[White "Weeramantry, Sunil"]
[Black "Abrahamyan, Tatev"]
[Result "0-1"]
[WhiteElo "2029"]
[BlackElo "2332"]
[PlyCount "66"]
[EventDate "2017.11.23"]
[EventType "swiss"]
[EventRounds "8"]
[EventCountry "USA"]
[SourceTitle "EXT 2019"]
[Source "ChessBase"]
[SourceDate "2018.10.10"]
[SourceVersion "1"]
[SourceVersionDate "2018.10.10"]
[SourceQuality "1"]

1. e4 e6 2. d4 d5 3. e5 c5 4. c3 Nc6 5. Nf3 Bd7 6. Be2 Nge7 7. 0-0 Nf5 8. Bd3 cxd4 9. Bxf5 exf5 10. cxd4 Be7 11. Nc3 Be6 12. a3 g5 13. b4 f4 14. Na4 b6 15. Ne1 Qd7 16. Bb2 g4 17. Bc3 f3 18. b5 Nd8 19. Qb3 h5 20. Bb4 Rc8 21. Bxe7 Qxe7 22. Nc2 fxg2 23. Rfd1 h4 24. Ne3 g3 25. f4 gxh2+ 26. Kxh2 h3 27. Nc3 Qh4 28. Ncxd5 g1Q+ 29. Rxg1 Qf2+ 30. Kh1 Qf3+ 31. Kh2 Bxd5 32. Qxd5 Rc2+ 33. Nxc2 Qxd5 0-1

[Event "Gibraltar Masters 13th"]
[Site "Caleta"]
[Date "2015.02.04"]
[Round "9"]
[White "Weeramantry, Sunil"]
[Black "De Haan, Eric"]
[Result "0-1"]
[WhiteElo "2127"]
[BlackElo "2299"]
[PlyCount "50"]
[EventDate "2015.01.27"]
[EventType "swiss"]
[EventRounds "10"]
[EventCountry "GGB"]
[SourceTitle "CBM 165"]
[Source "ChessBase"]
[SourceDate "2015.03.11"]
[SourceVersion "1"]
[SourceVersionDate "2015.03.11"]
[SourceQuality "1"]

1. e4 c5 2. Nf3 e6 3. d4 cxd4 4. Nxd4 Nc6 5. Nc3 Qc7 6. Be2 Nf6 7. f4 d6 8. Be3 Be7 9. 0-0 0-0 10. Qe1 Nxd4 11. Bxd4 e5 12. Be3 exf4 13. Rxf4 Be6 14. Rd1 a6 15. Qg3 Nd7 16. Rf2 Ne5 17. Nd5 Bxd5 18. Rxd5 Ng6 19. Rh5 Qxc2 20. Qh3 Qxe4 21. Rxh7 Bh4 22. Rh5 Bxf2+ 23. Kxf2 Rfe8 24. Rg5 Rac8 25. Rg4 Qf5+ 0-1

[Event "Gibraltar Masters 13th"]
[Site "Caleta"]
[Date "2015.01.28"]
[Round "2"]
[White "Weeramantry, Sunil"]
[Black "Mahoney, Ian"]
[Result "1-0"]
[WhiteElo "2127"]
[BlackElo "1838"]
[PlyCount "41"]
[EventDate "2015.01.27"]
[EventType "swiss"]
[EventRounds "10"]
[EventCountry "GGB"]
[SourceTitle "CBM 165"]
[Source "ChessBase"]
[SourceDate "2015.03.11"]
[SourceVersion "1"]
[SourceVersionDate "2015.03.11"]
[SourceQuality "1"]

1. e4 c5 2. Nc3 e6 3. f4 d5 4. exd5 exd5 5. Bb5+ Nc6 6. Bxc6+ bxc6 7. Nf3 Nf6 8. 0-0 Be7 9. Ne5 Qc7 10. b3 0-0 11. Ba3 d4 12. Na4 Nd5 13. Qf3 Bf5 14. Bxc5 Bxc5 15. Nxc5 Nb4 16. c3 dxc3 17. dxc3 Nc2 18. Rac1 Qa5 19. b4 Qxa2 20. g4 Bc8 21. Rf2 1-0

[Event "Las Vegas National op"]
[Site "Las Vegas"]
[Date "2013.06.07"]
[Round "1"]
[White "Leon Hoyos, Manuel"]
[Black "Weeramantry, Sunil"]
[Result "1-0"]
[WhiteElo "2568"]
[BlackElo "2111"]
[PlyCount "51"]
[EventDate "2013.06.07"]
[EventType "swiss"]
[EventRounds "6"]
[EventCountry "USA"]
[SourceTitle "CBM 154 Extra"]
[Source "ChessBase"]
[SourceDate "2013.06.25"]
[SourceVersion "2"]
[SourceVersionDate "2013.06.25"]
[SourceQuality "1"]

1. c4 Nf6 2. Nc3 g6 3. e4 d6 4. d4 Bg7 5. f3 0-0 6. Nge2 Nc6 7. Be3 a6 8. Qd2 Rb8 9. Rc1 Re8 10. g3 Bd7 11. Nd1 e5 12. d5 Nd4 13. Nxd4 exd4 14. Bxd4 Nxe4 15. fxe4 Rxe4+ 16. Be3 Qe7 17. Bg2 Rd4 18. Qe2 Re8 19. Kf2 Bh6 20. Re1 Bg4 21. Bf3 Qf6 22. Kg2 Rxd1 23. Qxd1 Bxe3 24. Bxg4 Qf2+ 25. Kh1 Re4 26. Qf3 1-0

[Event "Asia zt 3.2"]
[Site "Colombo"]
[Date "2013.02.03"]
[Round "1"]
[White "Weeramantry, Sunil"]
[Black "Shrestha, Sujendra Prasad"]
[Result "1-0"]
[WhiteElo "2118"]
[BlackElo "1916"]
[PlyCount "133"]
[EventDate "2013.02.03"]
[EventType "swiss"]
[EventRounds "9"]
[EventCountry "SRI"]
[SourceTitle "CBM 153 Extra"]
[Source "ChessBase"]
[SourceDate "2013.04.22"]
[SourceVersion "1"]
[SourceVersionDate "2013.04.22"]
[SourceQuality "1"]

1. e4 c5 2. Nc3 Nc6 3. f4 e6 4. Nf3 d5 5. Bb5 d4 6. Bxc6+ bxc6 7. Ne2 Nf6 8. d3 c4 9. e5 cxd3 10. Qxd3 Nd5 11. Nexd4 Qb6 12. Qc4 Bc5 13. c3 Ba6 14. Qb3 Rc8 15. Qxb6 axb6 16. Nb3 Be3 17. Bxe3 Nxe3 18. Kf2 Nd5 19. g3 Ke7 20. Rhe1 c5 21. Nbd2 h6 22. Ne4 Rcd8 23. a3 f5 24. Nd6 g5 25. c4 Nc7 26. b3 Ne8 27. Rad1 gxf4 28. gxf4 Nxd6 29. exd6+ Rxd6 30. Rxd6 Kxd6 31. Ne5 Rh7 32. Rd1+ Kc7 33. Rg1 Bb7 34. Rg8 Be4 35. b4 h5 36. Kg3 h4+ 37. Kh3 Bc2 38. Ra8 Be4 39. Rf8 Rh6 40. Rf7+ Kc8 41. Rg7 Kb8 42. Nd7+ Kc7 43. Nxc5+ Kd6 44. Nb7+ Bxb7 45. Rxb7 Kc6 46. Re7 Kd6 47. Re8 Rg6 48. Rd8+ Kc7 49. Rh8 Rg1 50. Rxh4 Rc1 51. Rh7+ Kd6 52. Kh4 Rxc4 53. Kg5 Rc8 54. h4 Rg8+ 55. Kf6 Rg4 56. Re7 Rxf4 57. Rxe6+ Kd5 58. h5 Rf3 59. Re5+ Kc4 60. Rxf5 Rxa3 61. b5 Rh3 62. Kg6 Kd4 63. h6 Ke4 64. Rh5 Rg3+ 65. Rg5 Rh3 66. h7 Kf4 67. Rh5 1-0

[Event "SRI-ch"]
[Site "Colombo"]
[Date "2012.03.31"]
[Round "11"]
[White "Weeramantry, Sunil"]
[Black "Wijekoon, Chandana"]
[Result "1-0"]
[WhiteElo "2177"]
[BlackElo "1997"]
[PlyCount "89"]
[EventDate "2012.03.23"]
[EventType "tourn"]
[EventRounds "13"]
[EventCountry "SRI"]
[SourceTitle "EXT 2013"]
[Source "ChessBase"]
[SourceDate "2012.11.22"]
[SourceVersion "1"]
[SourceVersionDate "2012.11.22"]
[SourceQuality "1"]

1. e4 e6 2. d4 d5 3. Nc3 Bb4 4. e5 b6 5. Qg4 Bf8 6. h4 h5 7. Qg3 a5 8. Bd3 Ba6 9. Nge2 Nh6 10. Bxh6 Rxh6 11. Nf4 Nc6 12. Bxa6 Rxa6 13. Qd3 Ra8 14. Rd1 Bb4 15. a3 Bxc3+ 16. Qxc3 Qd7 17. Qf3 g6 18. g4 hxg4 19. Qxg4 Ne7 20. h5 Qc6 21. Kd2 gxh5 22. Rxh5 Rxh5 23. Qxh5 Nf5 24. c3 Ke7 25. Qg5+ Kd7 26. Qf6 Re8 27. Qxf7+ Re7 28. Qf8 Qb5 29. Kc1 c5 30. Nxd5 exd5 31. Qxf5+ Kc7 32. e6 cxd4 33. Qe5+ Kc6 34. Rxd4 Qf1+ 35. Rd1 Qc4 36. f4 d4 37. Qe4+ Kb5 38. f5 Qa2 39. Qd3+ Kc6 40. Qxd4 Rh7 41. Qe4+ Kc7 42. Qe5+ Kc8 43. e7 Qa1+ 44. Kc2 Rh2+ 45. Qxh2 1-0

[Event "SRI-ch"]
[Site "Colombo"]
[Date "2012.03.25"]
[Round "5"]
[White "Kurukulasuriya, Prasanna"]
[Black "Weeramantry, Sunil"]
[Result "1-0"]
[WhiteElo "2078"]
[BlackElo "2177"]
[PlyCount "87"]
[EventDate "2012.03.23"]
[EventType "tourn"]
[EventRounds "13"]
[EventCountry "SRI"]
[SourceTitle "EXT 2013"]
[Source "ChessBase"]
[SourceDate "2012.11.22"]
[SourceVersion "1"]
[SourceVersionDate "2012.11.22"]
[SourceQuality "1"]

1. e4 c5 2. Nf3 Nc6 3. d4 cxd4 4. Nxd4 e5 5. Nb5 a6 6. Nd6+ Bxd6 7. Qxd6 Qf6 8. Qd1 Qg6 9. Nc3 d5 10. Nxd5 Qxe4+ 11. Be3 Nd4 12. Nc7+ Ke7 13. Rc1 Bh3 14. Nxa8 Nf6 15. Qd3 Bxg2 16. Qxe4 Bxe4 17. Bxd4 Bxh1 18. Bc5+ Kd7 19. Nb6+ Kc6 20. Be3 Ng4 21. Nc4 Bd5 22. h3 Nxe3 23. fxe3 Re8 24. Rd1 b5 25. Na5+ Kc5 26. a3 Be6 27. b4+ Kb6 28. Rd6+ Ka7 29. c4 bxc4 30. Nxc4 Bc8 31. Nb6 Bb7 32. Na4 Re6 33. Rd7 Kb8 34. Nc5 Bc8 35. Rd8 Rg6 36. Bxa6 Rg1+ 37. Kf2 Ra1 38. Rxc8+ Ka7 39. a4 f5 40. a5 g5 41. Rc7+ Kb8 42. Rb7+ Kc8 43. Rxh7+ Kd8 44. Ne6+ 1-0

[Event "Gibraltar Masters 10th"]
[Site "Caleta"]
[Date "2012.02.01"]
[Round "9"]
[White "Campos Calvo, Sotelo Juan"]
[Black "Weeramantry, Sunil"]
[Result "0-1"]
[WhiteElo "2028"]
[BlackElo "2183"]
[PlyCount "86"]
[EventDate "2012.01.24"]
[EventType "swiss"]
[EventRounds "10"]
[EventCountry "GGB"]
[SourceTitle "CBM 147"]
[Source "ChessBase"]
[SourceDate "2012.03.16"]
[SourceVersion "1"]
[SourceVersionDate "2012.03.16"]
[SourceQuality "1"]

1. b4 c6 2. c4 d5 3. e3 e6 4. a3 Nf6 5. Bb2 Be7 6. Nf3 0-0 7. Nc3 Nbd7 8. h3 a5 9. c5 e5 10. g3 Re8 11. Qc2 Bf8 12. d4 axb4 13. axb4 Rxa1+ 14. Bxa1 exd4 15. Nxd4 b6 16. Nxc6 Qc7 17. b5 Bxc5 18. Bg2 d4 19. Ne4 dxe3 20. Nxc5 exf2+ 21. Kxf2 Nxc5 22. Bxf6 gxf6 23. Ra1 Qd6 24. Rd1 Qe6 25. Qd2 Bb7 26. g4 Ne4+ 27. Bxe4 Qxe4 28. Re1 Qxe1+ 29. Qxe1 Rxe1 30. Kxe1 Kf8 31. Nb4 Ke7 32. Kd2 Kd6 33. Kc3 Kc5 34. Na6+ Kxb5 35. Nc7+ Kc5 36. Ne8 f5 37. gxf5 Bc8 38. Ng7 Kd5 39. h4 Ke5 40. Kb4 Bd7 41. Kc4 Kf6 42. Nh5+ Kxf5 43. Kb4 Ke5 0-1